Cultural heritage in Asia : study on borobudur

Spremljeno u:
Bibliografski detalji
Glavni autor: Ishizawa, Yoshiaki
Format: Knjiga
Jezik:Undetermined
Izdano: Chiyoda-ku Sophia university 1987
Teme:
Oznake: Dodaj oznaku
Bez oznaka, Budi prvi tko označuje ovaj zapis!
Thư viện lưu trữ: Trung tâm Học liệu Trường Đại học Cần Thơ
LEADER 00565nam a2200205Ia 4500
001 CTU_91436
008 210402s9999 xx 000 0 und d
082 |a 950 
082 |b I.79 
100 |a Ishizawa, Yoshiaki 
245 0 |a Cultural heritage in Asia : 
245 0 |b study on borobudur 
245 0 |c Yoshiaki Ishizawa, Yasushi Kono 
260 |a Chiyoda-ku 
260 |b Sophia university 
260 |c 1987 
650 |a Cultural property, protection of 
650 |z Asia 
904 |i Vương 
980 |a Trung tâm Học liệu Trường Đại học Cần Thơ